<?xml version="1.0" encoding="UTF-8"?>
<record
    xmlns:xsi="http://www.w3.org/2001/XMLSchema-instance"
    xsi:schemaLocation="http://www.loc.gov/MARC21/slim http://www.loc.gov/standards/marcxml/schema/MARC21slim.xsd"
    xmlns="http://www.loc.gov/MARC21/slim">

  <leader>00957nam a2200253Ia 4500</leader>
  <datafield tag="952" ind1=" " ind2=" ">
    <subfield code="0">0</subfield>
    <subfield code="1">0</subfield>
    <subfield code="2">lcc</subfield>
    <subfield code="4">0</subfield>
    <subfield code="7">0</subfield>
    <subfield code="a">11</subfield>
    <subfield code="b">11</subfield>
    <subfield code="d">2010-02-09</subfield>
    <subfield code="l">15</subfield>
    <subfield code="o">RC454 B461 2008</subfield>
    <subfield code="p">11 008276</subfield>
    <subfield code="r">2026-02-17</subfield>
    <subfield code="s">2026-02-14</subfield>
    <subfield code="t">1</subfield>
    <subfield code="w">2012-06-26</subfield>
    <subfield code="y">LB</subfield>
  </datafield>
  <datafield tag="952" ind1=" " ind2=" ">
    <subfield code="0">0</subfield>
    <subfield code="1">0</subfield>
    <subfield code="4">0</subfield>
    <subfield code="7">0</subfield>
    <subfield code="a">11</subfield>
    <subfield code="b">11</subfield>
    <subfield code="d">2010-02-09</subfield>
    <subfield code="l">19</subfield>
    <subfield code="o">RC454 B461 2008</subfield>
    <subfield code="p">11 008277</subfield>
    <subfield code="r">2024-08-06</subfield>
    <subfield code="s">2024-08-06</subfield>
    <subfield code="t">2</subfield>
    <subfield code="w">2012-06-26</subfield>
    <subfield code="y">LB</subfield>
  </datafield>
  <datafield tag="952" ind1=" " ind2=" ">
    <subfield code="0">0</subfield>
    <subfield code="1">0</subfield>
    <subfield code="2">lcc</subfield>
    <subfield code="4">0</subfield>
    <subfield code="7">0</subfield>
    <subfield code="a">11</subfield>
    <subfield code="b">11</subfield>
    <subfield code="d">2014-01-23</subfield>
    <subfield code="l">11</subfield>
    <subfield code="o">RC454 B461 2008</subfield>
    <subfield code="p">11 009696</subfield>
    <subfield code="r">2019-03-14</subfield>
    <subfield code="s">2019-03-14</subfield>
    <subfield code="t">3</subfield>
    <subfield code="w">2014-01-23</subfield>
    <subfield code="y">LB</subfield>
  </datafield>
  <datafield tag="952" ind1=" " ind2=" ">
    <subfield code="0">0</subfield>
    <subfield code="1">0</subfield>
    <subfield code="2">lcc</subfield>
    <subfield code="4">0</subfield>
    <subfield code="7">0</subfield>
    <subfield code="a">11</subfield>
    <subfield code="b">11</subfield>
    <subfield code="d">2014-01-23</subfield>
    <subfield code="l">12</subfield>
    <subfield code="o">RC454 B461 2008</subfield>
    <subfield code="p">11 009697</subfield>
    <subfield code="r">2019-02-21</subfield>
    <subfield code="s">2019-02-21</subfield>
    <subfield code="t">4</subfield>
    <subfield code="w">2014-01-23</subfield>
    <subfield code="y">LB</subfield>
  </datafield>
  <datafield tag="952" ind1=" " ind2=" ">
    <subfield code="0">0</subfield>
    <subfield code="1">0</subfield>
    <subfield code="2">lcc</subfield>
    <subfield code="4">0</subfield>
    <subfield code="7">0</subfield>
    <subfield code="a">11</subfield>
    <subfield code="b">11</subfield>
    <subfield code="d">2014-01-27</subfield>
    <subfield code="l">19</subfield>
    <subfield code="o">RC454 B461 2008</subfield>
    <subfield code="p">11 009698</subfield>
    <subfield code="r">2026-02-14</subfield>
    <subfield code="s">2026-02-12</subfield>
    <subfield code="t">5</subfield>
    <subfield code="w">2014-01-27</subfield>
    <subfield code="y">LB</subfield>
  </datafield>
  <datafield tag="952" ind1=" " ind2=" ">
    <subfield code="0">0</subfield>
    <subfield code="1">0</subfield>
    <subfield code="2">lcc</subfield>
    <subfield code="4">0</subfield>
    <subfield code="7">0</subfield>
    <subfield code="a">04</subfield>
    <subfield code="b">04</subfield>
    <subfield code="d">2015-06-20</subfield>
    <subfield code="l">44</subfield>
    <subfield code="o">RC454 B45</subfield>
    <subfield code="p">04 005296</subfield>
    <subfield code="r">2024-10-08</subfield>
    <subfield code="s">2024-08-14</subfield>
    <subfield code="t">1</subfield>
    <subfield code="w">2015-06-20</subfield>
    <subfield code="y">LB</subfield>
  </datafield>
  <datafield tag="999" ind1=" " ind2=" ">
    <subfield code="c">72452</subfield>
    <subfield code="d">72452</subfield>
  </datafield>
  <controlfield tag="008">120626t    2008sp            001 0 spa d</controlfield>
  <datafield tag="020" ind1=" " ind2=" ">
    <subfield code="a">9788448156053</subfield>
  </datafield>
  <datafield tag="050" ind1=" " ind2=" ">
    <subfield code="a">RC454 </subfield>
    <subfield code="b">B461 2008</subfield>
  </datafield>
  <datafield tag="050" ind1=" " ind2="4">
    <subfield code="a">RC454 B45</subfield>
  </datafield>
  <datafield tag="100" ind1=" " ind2=" ">
    <subfield code="a">Belloch, Amparo</subfield>
    <subfield code="e">autor</subfield>
  </datafield>
  <datafield tag="245" ind1="1" ind2="0">
    <subfield code="a">Manual de psicopatolog&#xED;a Vol. 1 </subfield>
    <subfield code="c">/ Amapro, Belloch: Bonifacio, Sand&#xED;n : Francisco, Ramos</subfield>
  </datafield>
  <datafield tag="260" ind1=" " ind2=" ">
    <subfield code="a">Espa&#xF1;a </subfield>
    <subfield code="b">: McGraw Hill</subfield>
    <subfield code="c">, 2008.</subfield>
  </datafield>
  <datafield tag="300" ind1=" " ind2=" ">
    <subfield code="a">462 p&#xE1;ginas</subfield>
  </datafield>
  <datafield tag="500" ind1=" " ind2=" ">
    <subfield code="a">Edici&#xF3;n revisada</subfield>
  </datafield>
  <datafield tag="505" ind1="2" ind2=" ">
    <subfield code="a">Volumen I: Marco general; psicopatolog&#xED;a y procesos psicol&#xF3;gicos; trastornos asociados a necesidades biol&#xF3;gicas y adicciones.</subfield>
  </datafield>
  <datafield tag="519" ind1=" " ind2=" ">
    <subfield code="a">Educaci&#xF3;n Mixta /</subfield>
    <subfield code="b">Lic. Psicolog&#xED;a MAX /</subfield>
    <subfield code="c">Psicopatolog&#xED;a P05 (L-3) /</subfield>
    <subfield code="d">(04 005296)</subfield>
  </datafield>
  <datafield tag="650" ind1="1" ind2=" ">
    <subfield code="a">PSICOPATOLOG&#xCD;A</subfield>
    <subfield code="x">MANUALES</subfield>
  </datafield>
  <datafield tag="650" ind1="2" ind2=" ">
    <subfield code="a">PSICOPATOLOG&#xCD;A</subfield>
    <subfield code="x">ANTECEDENTES</subfield>
  </datafield>
  <datafield tag="650" ind1="3" ind2=" ">
    <subfield code="a">ENFERMEDADES MENTALES</subfield>
  </datafield>
  <datafield tag="650" ind1="4" ind2=" ">
    <subfield code="a">ADICCIONES</subfield>
  </datafield>
  <datafield tag="700" ind1=" " ind2=" ">
    <subfield code="a">Sand&#xED;n, Bonifacio</subfield>
    <subfield code="e">autor</subfield>
  </datafield>
  <datafield tag="700" ind1=" " ind2=" ">
    <subfield code="a">Ramos, Francisco</subfield>
    <subfield code="e">autor</subfield>
  </datafield>
  <datafield tag="942" ind1=" " ind2=" ">
    <subfield code="c">LB</subfield>
  </datafield>
</record>
